000 00515nam a2200193Ia 4500
005 20260429111847.0
008 260429s9999||||xx |||||||||||||| ||und||
020 _a9789393405692
041 _aEnglish
082 _a635.977
_bROY
100 _aRoy, R.K.
245 0 _aOrnamental trees :
_bdiversity and aesthetics /
_cR.K. Roy
250 _a1st ed.
260 _aNew Delhi :
_bAgri-Biovet Press,
_c2024.
300 _axxi, 270 p.; hb
650 _a Ornamental trees
650 _aHorticulture
942 _cTB
999 _c51176
_d51176